Регионална библиотека "Любен Каравелов" - Русе

На глас (Запис номер 204619)

MARC детайли
000 -Лидер
Контролно поле с фиксирана дължина 01357nam a2200325 c 4500
003 - Код на организацията, давaща контролен номер
Контролно поле BLK
005 - Дата и час на последна редакция
Контролно поле 20190102154906.0
008 - Елементи от данни с фиксирана дължина
fixed length control field 180411b bul|||||r ||||||| ||bul||
010 ## - Наследен системен номер
LC control number KNG00214185000
020 ## - Международен стандартен номер на книга ISBN
Международен стандартен номер на книга ISBN 978-954-380-411-5
040 ## - Източник на каталожния запис
Идентификатор на билиотеката - собственик на записа BLK
041 ## - Код за език
Код за езика на текст/звукозапис или на отделно заглавие Български
Код за езика КДБФ Български
072 #7 - Код за тематичната категория
Код организация bullib
Код за тематична категория Н84
Текст Българска художествена литература Н
080 ## - УДК
Текстов определител УДК Българска литература
УДК код - определител по УДК 821.163.2
УДК определител -94
УДК - код + определител 821.163.2-94
100 1# - Редна дума - Автор
Автор Александрова, Джуни
Авторска отговорност първи автор
R(LIN) 321532
139 ## - Редно поле
Редна дума Александрова, Джуни
Авторски знак Алекс - А 51
245 10 - Сведения за заглавието
Заглавие На глас
Подзаглавни данни Стр. за изминали дни
Редно поле (дума) Джуни Александрова.
250 ## - Област на изданието
Сведения за изданието 2. доп. изд.
257 ## - Страна на издаване
Страна на създаване/издаване България
260 ## - Област на издателските данни
Име на издателя, разпространителя и проч. Бълг. книжница
Година на издаване 2017
Печатница София : Химиграф
300 ## - Физическа характеристика
Страници 376 с.
Илюстрации и др. с ил., портр.
Размери/Мащаб 20 см
380 ## - Жанр
Жанр Худож. лит.
500 ## - Общи забележки
Забележка Искрена книга / Владимир Каракашев: с. 5-6 ; Откровена актьорска изповед / Севелина Гьорова: с. 9-10
659 ## - Тематичен бюлетин
Тематичен бюлетин Н
852 ## - Местоположение
Форматна сигнатура Цб 288050
856 4# - Електронен адрес и достъп
Електронен формат pdf - файл
856 4# - Електронен адрес и достъп
Електронен формат pdf - файл
999 ## - СИСТЕМНИ КОНТРОЛНИ НОМЕРА
Koha biblionumber 204619
Koha biblioitemnumber 204619
942 ## - АРТИКУЛИ
Вид на библиотечния материал Книги
Скрит в OPAC Не
944 ## - СЪЗДАВАНЕ И РЕДАКЦИЯ на ЗАПИСА
Създаване/Редакция Създаване
Дата на регистрацията/редакция 15.11.2017
Служител, извършил регистрацията/редакцията Виолета_Тройчева
944 ## - СЪЗДАВАНЕ И РЕДАКЦИЯ на ЗАПИСА
Създаване/Редакция Редакция
Дата на регистрацията/редакция 15.01.2018
Служител, извършил регистрацията/редакцията Симона_Петрова
999 ## - СИСТЕМНИ КОНТРОЛНИ НОМЕРА
Koha biblioitemnumber 204619
Наличности
Код за отписване Код за изгубен артикул Код за повреда Коз за рестрикции Код за отдаване Артикулен № Име на библиотеката - собственик Име на библиотеката, в която се намира в момента Статус (Текущо местоположение) Дата на вписване в системата Местоположение - отдел Цена в лева Инвентарен номер Систематично азбучна сигнатура Баркод Номер на екземпляра Цена в евро Служебна бележка Служебен тип на артикула Източник на класификационната схема
  Не е изгубен Не е повреден без рестрикции ползва се в читалня 352714 Регионална библиотека "Любен Каравелов" Русе Регионална библиотека "Любен Каравелов" Русе Хранилище 2017-11-16 Хранилище 10.00 120000816848 Цб 288050 120000816848 1 5.11 Дост: Dp Вид: Д N: 41 Дата: 13.09.2017 Книги  
  Не е изгубен Не е повреден   заемане за дома 688069 Регионална библиотека "Любен Каравелов" Русе Регионална библиотека "Любен Каравелов" Русе Заемна - подръчен фонд 2019-01-02 Заемна - подръчен фонд 5.00   П 886.7-9/А 51 120000828921   2.56   Книги Universal Decimal Classification
Vip Innovations Ltd, Rousse, Bulgaria 2025